| 000 | 00584nam a22002057a 4500 | ||
|---|---|---|---|
| 005 | 20240530110854.0 | ||
| 008 | 210928s 2019sp f 000 f spa d | ||
| 017 | _bمصر. دار الكتب | ||
| 020 | _a9789562444897 | ||
| 040 |
_aEG-CaGPL _cEG-CaGPL |
||
| 082 | 0 | 4 |
_221 _a863/ _bM P |
| 100 | 1 | _aMistral, Gabriela | |
| 245 | 1 | 0 |
_aProsa Y Poesia : _bEscolar / _cGabriela Mistral |
| 260 |
_aChile : _bBiblioteca Nacionl، _c2019. |
||
| 300 |
_a192 p. ; _c22 cm. |
||
| 650 | 0 | 7 |
_2qrmak _a SPANISH FICTION |
| 650 | 0 | 7 |
_2qrmak _aSPANISH LITERATURE |
| 651 | _2qrmak | ||
| 942 |
_2ddc _cBK |
||
| 999 |
_c66004 _d66004 |
||